书目信息 |
| 题名: |
居如其人
|
|
| 作者: | 高达 , 曾琳 主编 | |
| 分册: | ||
| 出版信息: | 沈阳 辽宁科学技术出版社 2010.11 |
|
| 页数: | 206页 | |
| 开本: | 29cm | |
| 丛书名: | ||
| 单 册: | ||
| 中图分类: | TU241 | |
| 科图分类: | ||
| 主题词: | 住宅--zhu zhai--室内设计 | |
| 电子资源: | ||
| ISBN: | 978-7-5381-6655-2 | |
| 000 | 00789nam0 2200277 450 | |
| 001 | 296462 | |
| 005 | 20110723133714.28 | |
| 010 | @a978-7-5381-6655-2@b精装@dCNY200.00 | |
| 100 | @a20110413d2010 km y0chiy50 ea | |
| 101 | 0 | @achi |
| 102 | @aCN@b210000 | |
| 105 | @aa z 000yy | |
| 106 | @ar | |
| 200 | 1 | @a居如其人@Aju ru qi ren@d= Home interior design is you@f曾琳, 高达主编@zeng |
| 210 | @a沈阳@c辽宁科学技术出版社@d2010.11 | |
| 215 | @a206页@c彩图@d29cm | |
| 330 | @a本书收录了多幅室内设计作品图例。 | |
| 333 | @a建筑设计人员 | |
| 510 | 1 | @aHome interior design is you@zeng |
| 586 | @a | |
| 606 | 0 | @a住宅@Azhu zhai@x室内设计 |
| 690 | @aTU241@v5 | |
| 701 | 0 | @a高达@Agao da@4主编 |
| 701 | 0 | @a曾琳@Azeng lin@4主编 |
| 801 | 0 | @aCN@c20110610 |
| 905 | @dTU241@eZ026 | |
| 居如其人= Home interior design is you/曾琳, 高达主编.-沈阳:辽宁科学技术出版社,2010.11 |
| 206页:彩图;29cm |
| 使用对象:建筑设计人员 |
| ISBN 978-7-5381-6655-2(精装):CNY200.00 |
| 本书收录了多幅室内设计作品图例。 |
| ● |
| 相关链接 |
|
|
|
正题名:居如其人
索取号:TU241/Z026
 
预约/预借
| 序号 | 登录号 | 条形码 | 馆藏地/架位号 | 状态 | 备注 |
| 1 | 888212 | 208882128 | 建筑库101/101建筑库 59排3列3层/ [索取号:TU241/Z026] | 在馆 | |
| 2 | 888213 | 208882137 | 建筑库101/101建筑库 59排3列3层/ [索取号:TU241/Z026] | 在馆 | |
| 3 | 888214 | 208882146 | 建筑库101/101建筑库 59排3列3层/ [索取号:TU241/Z026] | 在馆 |